01650nam a22002417a 4500952013800000952013800138952013800276952013800414952013800552952013800690952013800828999001700966003000400983005001700987008004101004040000901045082001801054100002701072245004401099260004201143505018101185942004201366 00102ddc40708ISLAMaMESbMEScISLd2021-04-12g45.00l0o297.61 BAH/Pp41081r2021-04-13 00:00:00tpart 1w2021-04-13yBKzGL46R3 00102ddc40708ISLAMaMESbMEScISLd2021-04-12g45.00l0o297.61 BAH/Pp41082r2021-04-13 00:00:00tpart 2w2021-04-13yBKzGL46R3 00102ddc40708ISLAMaMESbMEScISLd2021-04-12g45.00l0o297.61 BAH/Pp41083r2021-04-13 00:00:00tpart 3w2021-04-13yBKzGL46R3 00102ddc40708ISLAMaMESbMEScISLd2021-04-12g45.00l0o297.61 BAH/Pp41084r2021-04-13 00:00:00tpart 4w2021-04-13yBKzGL46R3 00102ddc40708ISLAMaMESbMEScISLd2021-04-12g45.00l0o297.61 BAH/Pp41085r2021-04-13 00:00:00tpart 5w2021-04-13yBKzGL46R3 00102ddc40708ISLAMaMESbMEScISLd2021-04-12g39.00l0o297.61 BAH/Pp41086r2021-04-13 00:00:00tpart 6w2021-04-13yBKzGL46R3 00102ddc40708ISLAMaMESbMEScISLd2021-04-12g65.00l0o297.61 BAH/Pp41087r2021-04-13 00:00:00tpart 7w2021-04-13yBKzGL46R3 c41287d41287OSt20210413115413.0210413b ||||| |||| 00| 0 eng d coclc a297.61bBAH/P 91928aBahjeth, Ahamed  aPravachakanmar/bpart1-7cAhmed Bahjath aKozhikode:bIslamic Publishing House, apart1 Adam Nooh Hood Swalih; part2 Ibrahim,Yusuf; part3 Moosa Nabi; part4 Davoodum Sulaimanum; part5 Ayoob, Younus, Usair, Zakariya, Yahya; part6 Esaa Nabi; part7 Muhammad Nabi 2ddccBKh297.61iBAH/Pk297.61mBAH/P